000 01022cam a2200205 i 4500
999 _c58248
_d58248
001 20347790
005 20221108160952.0
008 180206s2018 vau b 001 0 eng
020 _a9781620368473 X
080 _a378.1 H-65
245 0 0 _aHigh-impact practices in online education :
_bresearch and best practices /
_cedited by Kathryn E. Linder and Chrysanthemum Mattison Hayes ; foreword by Kelvin Thompson.
264 1 _aSterling, Virginia :
_bStylus Publishing,
_c2018.
300 _a248 pages ;
_c24 cm.
653 _aმაღალი ზემოქმედების პრაქტიკა ონლაინ განათლებაში
653 _aვებ დაფუძნებული ინსტრუქცია
653 _aინტერნეტი უმაღლეს განათლებაში
700 1 _aLinder, Kathryn E.,
_eრედაქტორი
_912610
700 1 _aHayes, Chrysanthemum Mattison,
_eრედაქტორი
_912611
942 _2udc
_cBK